000 00658nam0a22002291 4500
001 v19\rc\1230428
005 20060306173343.8
035 _a(NLR Aleph) 004451000
090 _a4473111
_c4473111
100 _a20060306d1881 |||y0rusy50 ca
101 0 _arus
102 _aRU
105 _ay z |||||
200 1 _aЕсть ли ныне чудотворцы
210 _aМосква
_d1881
700 0 _aДимитрий
_cТуптало, Даниил Саввич
790 1 _aТуптало
_bД. С.
_gДаниил Саввич
801 0 _aRU
_bNLR
_gpsbo
801 1 _aRU
_bProSoft-M
_2rusmarc
852 _aNLR
_j18.257.1.74
942 _cBOOK
980 _aNB